Normal view
MARC view
- الرياضيات - دراسة وتدريس - المرحلة الاساسية
Entry Topical Term
001 - CONTROL NUMBER
- control field: 57628
003 - CONTROL NUMBER IDENTIFIER
- control field: JO-AjAnu
005 - DATE AND TIME OF LATEST TRANSACTION
- control field: 20230606083433.0
008 - FIXED-LENGTH DATA ELEMENTS
- fixed length control field: 230606|| aca||aabn | a|a d
040 ## - CATALOGING SOURCE
- Original cataloging agency: JO-AjAnu
- Transcribing agency: JO-AjAnu
150 ## - HEADING--TOPICAL TERM
- Topical term or geographic name entry element: الرياضيات - دراسة وتدريس - المرحلة الاساسية
670 ## - SOURCE DATA FOUND
- Source citation: Work cat.: (JO-AjAnu)29404: اعداد الشرعه، عوض حسين؛ اشراف علي محمد الرعبي , author 57627, فاعلية برنامج تعليمي في تحسين مستوى القوة الرياضية لدى طلبة المرحلة الاساسية=The Impact of Teaching Program in Enhancing the Mathematical Power of the primary Grade students